|
|
|
|
| LEADER |
00000nam2a2200000 4500 |
| 001 |
101956 |
| 005 |
20231101214410.0 |
| 010 |
|
|
|a 5986720245
|
| 035 |
|
|
|a (RuTPU)RU\TPU\book\109952
|
| 090 |
|
|
|a 101956
|
| 100 |
|
|
|a 20060919d2006 m y0rusy50 ca
|
| 101 |
0 |
|
|a rus
|
| 102 |
|
|
|a RU
|
| 105 |
|
|
|a a j 001zy
|
| 200 |
0 |
|
|a Т. 1
|
| 210 |
|
|
|d 2006
|
| 215 |
|
|
|a 330 с.
|c ил.
|
| 320 |
|
|
|a Библиогр.: с. 324-325.
|
| 330 |
|
|
|a Изложены элементы общей теории деформирования и разрушения горных пород применительно к процессам бурения и взрывания в горном деле и строительстве. Приведены основные понятия о квазинепрерывности, квазиоднородности и квазиизотропности. Уделено внимание элементам теорий распространения и преломления упругих волн малой амплитуды и волн Римана, кинетической теории разрушения Н. С. Журкова, теории трещин Гриффитса. Даны технические критерии прочности и оценка влияния динамичности нагружения пород на изменение их механических свойств. Рассмотрена физика процессов разрушения горных пород зубьями буровых инструментов при ударно-вращательном, шарошечном, вращательном, вращательно-ударном и ударно-шарошечном способах бурения шпуров и скважин. Для каждого способа приведены обобщающие закономерности дня скорости, ТЭП и рациональных значений режимных параметров бурения в зависимости от свойств пород и геометрических параметров инструментов. Для студентов высших учебных заведений, обучающихся по специальности «Взрывное дело» направления подготовки «Горное дело».
|
| 461 |
|
1 |
|0 (RuTPU)RU\TPU\book\110501
|t Физика разрушения горных пород при бурении и взрывании (с практическими рекомендациями)
|o учебник
|f Г. М. Крюков
|v Т. 1
|d 2006-
|s Взрывное дело
|
| 606 |
1 |
|
|a Горные породы
|x Разрушение
|x Физико-механические свойства
|2 stltpush
|3 (RuTPU)RU\TPU\subj\8041
|9 35535
|
| 610 |
1 |
|
|a горное дело
|
| 610 |
1 |
|
|a деформирование
|
| 610 |
1 |
|
|a взрывание
|
| 610 |
1 |
|
|a бурение
|
| 610 |
1 |
|
|a взрывные шпуры
|
| 610 |
1 |
|
|a взрывные скважины
|
| 610 |
1 |
|
|a волны Римана
|
| 610 |
1 |
|
|a теория разрушения Журкова
|
| 610 |
1 |
|
|a трещины Гриффитса
|
| 610 |
1 |
|
|a прочность
|
| 610 |
1 |
|
|a учебники
|
| 675 |
|
|
|a 622.23.02(075.8)
|v 3
|
| 801 |
|
1 |
|a RU
|b 63413507
|c 20060919
|g PSBO
|
| 801 |
|
2 |
|a RU
|b 63413507
|c 20201106
|g PSBO
|
| 900 |
|
|
|a Физика разрушения горных пород
|
| 942 |
|
|
|c BK
|